| 000 | 01079nam a22003257a 4500 | ||
|---|---|---|---|
| 003 | CHAP | ||
| 005 | 20220817044338.0 | ||
| 008 | 100503s2008 fr r 00010 eng d | ||
| 010 | _a98317 | ||
| 011 | _a99289 | ||
| 020 | _a9264187219 | ||
| 035 | _a109975 | ||
| 040 | _cCHAP | ||
| 082 | 0 | 4 |
_a338.1 _bOc19 |
| 110 | 2 |
_aOrganización para la Cooperación y el Desarrollo Económicos. París _983559 |
|
| 245 | 1 | 0 |
_aOECD agricultural outlook 2002-2007 _c/by Organisation for Economic Co-operation and Development |
| 260 |
_aParis : _bECD, _c2008 |
||
| 300 |
_a209 p. : _bgráfs., cuadros |
||
| 590 |
_aBATCH-UPD _b10 _c20130110 _lUCH01 _h1141 |
||
| 590 |
_aBATCH-UPD _b10 _c20130410 _lUCH01 _h0727 |
||
| 590 |
_aBATCH-UPD _b10 _c20130914 _lUCH01 _h2133 |
||
| 590 |
_aCONVERSION _b10 _c20130109 _lUCH01 _h1354 |
||
| 650 | 1 | 4 |
_aAgricultura y Estado. _92035 |
| 650 | 1 | 4 |
_aAgricultura _xAspectos económicos. |
| 650 | 1 | 4 |
_aAgricultura _xEstadisticas. _91417 |
| 901 | _aBK | ||
| 911 | _aen proceso | ||
| 942 | _cLIBRO | ||
| 949 |
_a338.1 Oc19 _bBC _cLIBRO _d33724002125173 _eLIBRO _i109975 _sb |
||
| 999 |
_c98317 _d98317 |
||